Bombay presidency, 1850-1920 : (Record no. 1308918)
[ view plain ]
| 000 -LEADER | |
|---|---|
| fixed length control field | 00546nam a22001937a 4500 |
| 005 - DATE AND TIME OF LATEST TRANSACTION | |
| control field | 20250529170850.0 |
| 008 - FIXED-LENGTH DATA ELEMENTS--GENERAL INFORMATION | |
| fixed length control field | 250412b |||||||| |||| 00| 0 eng d |
| 020 ## - INTERNATIONAL STANDARD BOOK NUMBER | |
| International Standard Book Number | 9789358522051 |
| 040 ## - CATALOGING SOURCE | |
| Transcribing agency | SDCL |
| 041 ## - LANGUAGE CODE | |
| Source of code | eng |
| Language code of text/sound track or separate title | eng |
| 084 ## - COLON CLASSIFICATION NUMBER | |
| Classification number | V231:(Y)'M R4 |
| 100 ## - MAIN ENTRY--PERSONAL NAME | |
| Personal name | Ramanna, Mridula |
| 245 ## - TITLE STATEMENT | |
| Title | Bombay presidency, 1850-1920 : |
| Remainder of title | Disease, sanitation and public health personalities |
| 260 ## - PUBLICATION, DISTRIBUTION, ETC. | |
| Place of publication, distribution, etc. | Delhi : |
| Name of publisher, distributor, etc. | Primus Books, |
| Date of publication, distribution, etc. | 2024. |
| 300 ## - PHYSICAL DESCRIPTION | |
| Extent | xii,343p. |
| 650 ## - SUBJECT ADDED ENTRY--TOPICAL TERM | |
| Topical term or geographic name entry element | Public health |
| 650 ## - SUBJECT ADDED ENTRY--TOPICAL TERM | |
| Topical term or geographic name entry element | 19th century |
| 942 ## - ADDED ENTRY ELEMENTS (KOHA) | |
| Source of classification or shelving scheme | Colon Classification (CC) |
| Koha item type | Textual |
| 650 ## - SUBJECT ADDED ENTRY--TOPICAL TERM | |
| -- | 811102 |
| 999 ## - | |
| -- | 1308918 |
| -- | 1308918 |
| Withdrawn status | Lost status | Source of classification or shelving scheme | Damaged status | Not for loan | Home library | Current library | Date acquired | Source of acquisition | Inventory number | Total checkouts | Full call number | Barcode | Date last seen | Price effective from | Koha item type |
|---|---|---|---|---|---|---|---|---|---|---|---|---|---|---|---|
| Colon Classification (CC) | South Campus Library | South Campus Library | 2025-04-12 | Govinda Book House | 6527, 23/11/2024, INR 1450.00 | V231:(Y)'M R4 | SC1690571 | 2025-04-12 | 2025-04-12 | Textual |
